=LDR 00000nam 2200000 4500 =001 INLIS000000000036573 =005 20130612142343 =008 ***********************************Ind** =035 ##$$0010-061300000036573 =041 ##$$a Ind =082 ##$$a 584.92 =090 ##$$a 584.92, Rah r =245 ##$$a Rahasia tebu, Wong Comic =260 ##$$a 2010 $b Jakarta =300 ##$$a 32 hlm, ilus, 28 cm =650 ##$$a Tebu =850 ##$$a NBPNMAT